| Tag |
First Indicator |
Second Indicator |
Subfields |
| LEADER |
00000cam a2200000 a 4500 |
| 001 |
in00002866708 |
| 005 |
20151202172415.0 |
| 008 |
120416s2012 paua b 001 0 eng c |
| 010 |
|
|
|a 2012015636
|
| 020 |
|
|
|a 9780271054056 (cloth : acid-free paper)
|
| 020 |
|
|
|a 0271054050 (cloth : acid-free paper)
|
| 035 |
|
|
|a (OCoLC)ocn791492252
|
| 035 |
|
|
|a (OCoLC)791492252
|
| 040 |
|
|
|a IEN/DLC
|b eng
|c INU
|d DLC
|d BDX
|d OCLCO
|d BTCTA
|d YDXCP
|d CDX
|d BWX
|d CUT
|d UtOrBLW
|
| 042 |
|
|
|a pcc
|
| 043 |
|
|
|a n-us---
|
| 049 |
|
|
|a TXAM
|
| 050 |
0 |
0 |
|a BL2532.S5
|b L68 2012
|
| 082 |
0 |
4 |
|a 299.6833300973
|2 23
|
| 100 |
1 |
|
|a Love, Velma E.,
|d 1949-
|
| 245 |
1 |
0 |
|a Divining the self :
|b a study in Yoruba myth and human consciousness /
|c Velma E. Love.
|
| 264 |
|
1 |
|a University Park, Pa. :
|b Pennsylvania State University Press,
|c [2012]
|
| 264 |
|
4 |
|c ©2012
|
| 300 |
|
|
|a xi, 143 pages :
|b illustrations ;
|c 24 cm.
|
| 336 |
|
|
|a text
|b txt
|2 rdacontent
|
| 337 |
|
|
|a unmediated
|b n
|2 rdamedia
|
| 338 |
|
|
|a volume
|b nc
|2 rdacarrier
|
| 490 |
1 |
|
|a Signifying (on) Scriptures
|
| 520 |
|
|
|a "Explores the dynamics of African American engagements with the Holy Odu, the unwritten sacred scriptures of the West African Ifa Orisha tradition. Examines the experiences of selected practitioners, focusing on the ways in which the divinatory narrative and associated mythology impact self-understanding and worldview"--
|c Provided by publisher.
|
| 504 |
|
|
|a Includes bibliographical references (pages [131]-134) and index.
|
| 505 |
0 |
|
|a Mythic origins and cultural practices -- Orisha archetypes, cultural memory, and the Odu -- Divining the self -- Symbols and signposts for the journey -- Powers of the mothers -- Oshun, Yemonja, and Oya.
|
| 650 |
|
0 |
|a African Americans
|x Religious life.
|
| 650 |
|
0 |
|a Yoruba (African people)
|x Religion
|x Influence.
|
| 650 |
|
0 |
|a Ifa (Religion)
|z United States.
|
| 650 |
|
0 |
|a Orishas.
|
| 830 |
|
0 |
|a Signifying (on) Scriptures.
|
| 938 |
|
|
|a Brodart
|b BROD
|n 102954607
|c $52.95
|
| 938 |
|
|
|a Baker and Taylor
|b BTCP
|n BK0011576657
|
| 938 |
|
|
|a YBP Library Services
|b YANK
|n 8935781
|
| 938 |
|
|
|a Coutts Information Services
|b COUT
|n 22012202
|
| 938 |
|
|
|a Blackwell Book Service
|b BBUS
|n 8935781
|
| 947 |
|
|
|a A14835916720
|
| 945 |
|
|
|a PromptCat
|b 156874
|
| 946 |
|
|
|a stk
|
| 994 |
|
|
|a 92
|b TXA
|
| 948 |
|
|
|a Cataloged
|b h
|c 2013/1/14
|d c
|e EGrant
| f 3:58:35 PM
|
| 999 |
|
|
|a MARS
|
| 999 |
f |
f |
|s 2c8c3aa4-f9e4-3f06-84c4-112a44e90051
|i 814f3ac2-c810-34f6-aa0c-99224b0ded24
|t 0
|
| 952 |
f |
f |
|p normal
|a Texas A&M University
|b College Station
|c Sterling C. Evans Library
|s Evans stk
|d Evans: Library Stacks
|t 0
|e BL2532.S5 L68 2012
|h Library of Congress classification
|i unmediated -- volume
|m A14835916720
|
| 998 |
f |
f |
|a BL2532.S5 L68 2012
|t 0
|l Evans: Library Stacks
|